How many words in "Flight" - Statistics

General Stats
  • This quiz has been taken 156 times
  • The average score is 15 of 20
Answer Stats
Answer % Correct
li
98%
hi
96%
fig
94%
light
93%
fit
90%
ti
87%
git
86%
hit
86%
lit
84%
fight
83%
flit
70%
it
65%
hilt
61%
gilt
60%
if
60%
flight
59%
gift
57%
lift
54%
til
52%
filth
28%
No matching quizzes found
Score Distribution
Percent of People with Each Score
Percentile by Number Answered
Your Score History
You have not taken this quiz